000 00319nam a22001337a 4500
008 170615b xxu||||| |||| 00| 0 eng d
020 _a9780789493545
041 _aeng
080 _a32
100 _a19
101 _ashp
245 _aTHE BOOK OF RULE HOW THE WORLD IS GOVERNED
_cWAGNER.J
942 _2udc
_cBK
999 _c17571
_d17571